| 000 | 01038nam a2200337Ia 4500 | ||
|---|---|---|---|
| 001 | dia_4546 | ||
| 003 | CHAP | ||
| 005 | 20251023173747.0 | ||
| 008 | 220117s2005 xx 000 0 und d | ||
| 010 | _a175207 | ||
| 020 | _a970-722-377-4 | ||
| 040 | _cCHAP | ||
| 082 | _a121 G35 2005 | ||
| 100 |
_aGalicia Sánchez, Segundo _9156150 |
||
| 245 |
_aIntroducción al estudio del conocimiento científico / _c Segundo Galicia Sánchez |
||
| 260 |
_aMéxico : _b Plaza y Valdés, _c2005 |
||
| 300 | _a258 p. | ||
| 503 | _aC/e | ||
| 504 | _aBibliografía: p. 251-258 | ||
| 590 | _aQ175 G35 2005 | ||
| 650 |
_aCiencia _xEstudio y enseñanza _923118 |
||
| 650 |
_aCiencia _xFilosofía _923124 |
||
| 650 |
_aCiencia _xMetodología _923129 |
||
| 650 |
_aScience _xMethodology _9147185 |
||
| 650 |
_aScience _xPhilosophy _9156151 |
||
| 650 |
_aScience _xStudy and teaching _9156152 |
||
| 901 | _a121 G35 2005 | ||
| 902 | _aM | ||
| 905 | _a5232272005 mx ain 8222223322spa16 | ||
| 942 |
_cLIBRO _2ddc |
||
| 999 |
_c175207 _d175207 |
||